W JAKIEJ POSTACI MOŻEMY KUPIĆ LODY? - Statystyki

Ogólne statystyki
  • Ten quiz został rozwiązany 55 razy
  • Średni wynik to 2 z 5
Statystyki odpowiedzi
Odpowiedź % Poprawnych
NA PATYKU
100%
W ROŻKU
73%
W KUBKU
43%
W POJEMNIKU
20%
LODOWEJ KANAPKI
9%
Nie znaleziono quizów pasujących do podanych kryteriów
Rozkład punktacji
Procent ludzi z każdym wynikiem
Percentyl według liczby udzielonych odpowiedzi
Twoja historia wyników
Nie rozwiązałeś tego quizu